000 00752nam a2200229Ii 4500
003 JO-AjNU
008 230605s9999||||xx |||||||||||||| ||und||
017 _a2008/11/3838
020 _a978-9957-499-58-7
040 _aJO-AjNU
_bara
_erda
_cJO-AjNU
041 _aara
050 1 4 _aHD30.213.W355.2009
100 3 _aالوليد،بشار يزيد,
_eauthor
_933470
245 0 0 _aنظام المعلومات الادارية
250 _aط1
264 3 1 _aعمان:دار الراية للنشر والتوزيع،2009
300 _a237ص
336 _atext
_btxt
_2rdacontent
337 _aunmediated
_bn
_2rdamedia
338 _avolume
_bnc
_2rdacarrier
650 4 _aادارة الاعمال-نظم المعلومات الادارية
_933471
999 _aA13628
_c17196
_d17196